[Event "RUS Cup final"]
[Site "Magnitogorsk"]
[Date "2011.11.16"]
[Round "2.3"]
[White "Matlakov, Maxim"]
[Black "Andriasian, Zaven"]
[Result "1/2-1/2"]
[WhiteElo "2632"]
[BlackElo "2619"]
[Annotator "RR"]
[PlyCount "89"]
[EventDate "2011.11.13"]
[EventType "k.o."]
[EventRounds "4"]
[EventCountry "RUS"]
[SourceTitle "CBM 146"]
[Source "ChessBase"]
[SourceDate "2012.01.18"]
[SourceVersion "1"]
[SourceVersionDate "2012.01.18"]
[SourceQuality "1"]

1. d4 d5 2. c4 c6 3. Nc3 Nf6 4. e3 e6 5. Nf3 Nbd7 6. Qc2 Bd6 7. Bd3 O-O 8. O-O
dxc4 9. Bxc4 b5 10. Bd3 Bb7 11. a3 Qe7 12. e4 e5 13. h3 a6 14. Bg5 c5 15. d5 c4
16. Be2 h6 17. Bh4 Rfc8 18. Nd2 Nf8 19. a4 b4 20. Nd1 b3 21. Qb1 Ng6 22. Bg3
Nf4 23. Bxc4 N6h5 24. Bxf4 Nxf4 25. Ne3 Bc5 26. Qd1 Qg5 $6 (26... Rc7 27. Rc1
Bc8 $14) 27. Qg4 $18 Qf6 28. Bxb3 Rd8 29. Qf5 Qe7 30. Nec4 Bd4 31. d6 Qe8 32.
Qg4 Bc8 33. Qf3 Be6 34. Na5 Rxd6 35. Bxe6 Rxe6 36. h4 $2 (36. Kh2 Rf6 37. Ndc4
$15) 36... Bxb2 $2 (36... Rg6 37. Nac4 Rxg2+ $19) 37. Rab1 Bc3 $5 38. Nac4 Rd8
39. Nb3 Qxa4 40. Ne3 Qa3 $2 (40... Qa2 41. Rbd1 Rxd1 $17) 41. g3 $1 $16 Nd3 42.
Nd5 Rxd5 43. exd5 e4 44. Qg4 Re8 45. Qd7 1/2-1/2

[Event "POL-chT 66th"]
[Site "Katowice"]
[Date "2010.09.06"]
[Round "3"]
[White "Schmidt, Wlodzimierz"]
[Black "Stachowiak, Kamil"]
[Result "1-0"]
[WhiteElo "2394"]
[BlackElo "2398"]
[Annotator "RR"]
[PlyCount "117"]
[EventDate "2010.09.04"]
[EventType "team-tourn"]
[EventRounds "9"]
[EventCountry "POL"]
[SourceTitle "EXT 2016"]
[Source "ChessBase"]
[SourceDate "2015.10.08"]
[SourceVersion "1"]
[SourceVersionDate "2015.10.08"]
[SourceQuality "1"]
[WhiteTeam "Poznan Pocztowiec"]
[BlackTeam "Wroclaw AZS WSB"]
[WhiteTeamCountry "POL"]
[BlackTeamCountry "POL"]

1. d4 d5 2. c4 c6 3. Nc3 e6 4. e3 Nf6 5. Nf3 Nbd7 6. Qc2 Bd6 7. Bd3 O-O 8. O-O
Qe7 9. c5 (9. e4) 9... Bc7 10. e4 dxe4 11. Nxe4 Nxe4 12. Bxe4 h6 13. Bd2 Nf6
14. Bd3 Rd8 (14... Bd7 15. Rfe1 Rad8 16. Rad1 Be8 17. b4 Nd5 18. Ne5 f6 19. Ng6
Bxg6 20. Bxg6 f5 21. g3 Qf6 22. Bh5 e5 23. dxe5 Bxe5 24. Bf3 Kh8 25. Kg2 Bd4
26. Qc4 f4 27. Rf1 a6 28. Bc1 Nc7 29. Rde1 Be5 30. Re4 Ne6 31. h4 Nd4 32. Bxf4
Nxf3 33. Kxf3 g5 34. hxg5 hxg5 35. Rh1+ Kg7 36. Rh5 Rd5 37. Qe2 Bxf4 38. Re6
Qf5 39. Kg2 Rd2 40. Qc4 Rxf2+ 41. Kxf2 Bc1+ 42. Kg1 Qf2+ 43. Kh1 Qf3+ 44. Kg1 {
Bukavshin,I (2506)-Kovalenko,I (2567) Samara 2011 0-1}) 15. Rfe1 Bd7 16. b4 Be8
17. Rab1 b6 18. a4 $146 (18. Rb3 a5 19. a3 axb4 20. axb4 Ra7 21. Qc1 Nd5 22.
Bb1 bxc5 23. bxc5 Qf8 24. Qc2 Nf6 25. Rd1 g5 26. h4 g4 27. Qc1 Kh8 28. Bxh6 Qg8
29. Bg5 Nh7 30. Bxh7 Kxh7 31. Qb1+ f5 32. Bxd8 gxf3 33. Bg5 Qg7 34. Rxf3 Bh5
35. Qd3 Ra4 36. Re3 Qd7 37. f3 Bf7 38. Kf2 Bg6 39. Qb3 Rxd4 40. Rxd4 Qxd4 41.
Qd3 Be5 42. f4 Bg7 43. Kg3 Qxc5 44. Rxe6 Bf7 45. Re7 Kg8 46. Qd7 Qd5 47. Qxd5
cxd5 {Kosyrev,V (2405)-Guliev,S (2445) Moscow 1998 1-0}) 18... a6 19. g3 b5 (
19... Nd5 20. Ne5) 20. Ra1 Qd7 21. Ra3 {[%cal Ge1a1]} Rac8 22. Bf1 Nd5 {
L'affaiblissement de la case "d5" est moins important que l'avantage d'espace
des Blancs} 23. Ne5 Qe7 24. Bh3 Nf6 25. Rd3 Bxe5 $6 {[%csl Re8]} 26. Rxe5 (26.
dxe5 Rxd3 27. Qxd3 Nd5) 26... Rd5 (26... Nd5) 27. Bg2 $1 Rxe5 28. dxe5 Nd5 29.
Qb2 bxa4 30. Ra3 a5 $1 31. bxa5 Qxc5 32. Rxa4 Qa7 33. Qc1 (33. Rg4 $5 {[%cal
Gd2h6]}) 33... c5 34. Rh4 $1 {[%csl Ra7][%cal Gd2h6] La Qa7 est hors-jeu pour
défendre l'aile-roi} Qc7 35. Bxh6 $1 Qxe5 36. Bd2 (36. Rg4 g6 37. a6 Nc3 $13 {
[%cal Gc3e2]}) 36... f5 37. Rc4 Qd6 38. Rc2 Ba4 39. Ra2 Bb5 40. Rb2 Ba6 41. h4
c4 42. Bc3 e5 $2 (42... Nxc3 43. Qxc3 Qd3 $1 $132 {[%cal Ga6d3]}) 43. Qd2 {
[%csl Rd5]} Rd8 44. Bxd5+ Qxd5 45. Qxd5+ Rxd5 46. Rb6 $40 Rd3 (46... Bb5 47. a6
) 47. Bxe5 Rd5 48. Bc3 Rd3 49. Bxg7 Kxg7 50. Rxa6 Ra3 51. Rc6 Rxa5 52. Rxc4 Kf6
53. Kg2 Ra3 54. Rc6+ $1 Kg7 55. h5 Rb3 56. h6+ Kh7 57. Rf6 Rb5 58. Kf3 Ra5 59.
Kf4 1-0

[Event "Vandoeuvre op 11th"]
[Site "Vandoeuvre"]
[Date "2014.12.30"]
[Round "9"]
[White "Savina, Anastasia"]
[Black "Wirig, Anthony"]
[Result "1/2-1/2"]
[WhiteElo "2397"]
[BlackElo "2483"]
[Annotator "RR"]
[PlyCount "61"]
[EventDate "2014.12.26"]
[EventType "swiss"]
[EventRounds "9"]
[EventCountry "FRA"]
[SourceTitle "EXT 2017"]
[Source "ChessBase"]
[SourceDate "2016.10.25"]
[SourceVersion "1"]
[SourceVersionDate "2016.10.25"]
[SourceQuality "1"]

1. d4 {90} d5 2. c4 c6 3. Nc3 Nf6 4. e3 e6 5. Nf3 Nbd7 6. Qc2 Bd6 7. Bd3 O-O 8.
O-O dxc4 9. Bxc4 b5 10. Bd3 (10. Be2) 10... Bb7 11. e4 {86} e5 12. h3 (12. dxe5
) 12... a6 13. Bg5 c5 $146 (13... exd4 14. Nxd4 c5 15. Nf5 Bb8 16. Nd5 $14 {
Clery,N (2263)-Boudre,J (2355) FRA-ch accession 2001 (9) 1-0}) 14. dxe5 Nxe5
15. Nxe5 Bxe5 16. Rad1 Qb6 17. Nd5 Bxd5 18. exd5 h6 19. Be3 Bd4 20. Bxd4 cxd4
21. Qc6 Qa5 22. Qc5 Qxa2 (22... Rfd8 {Plus solide}) 23. Qxd4 {[%cal Gd1a1]} Qa4
24. Qxa4 bxa4 25. Rd2 (25. Ra1 Nxd5 26. Be4 Rad8 27. Rxa4 $14 {[%cal Gf1a1]})
25... Rfd8 26. d6 Kf8 {[%cal Gd8d6]} 27. Bc2 Rab8 28. Bxa4 Ne4 $132 {[%cal
Gb8b2]} 29. Rd4 Nc5 30. b3 Nxb3 31. Rd5 {Le B domine un peu le N mais le P"d6"
est assez faible} 1/2-1/2

[Event "Sydney Mercantile"]
[Site "Sydney"]
[Date "1991.??.??"]
[Round "9"]
[White "Van der Sterren, Paul"]
[Black "West, Guy"]
[Result "1-0"]
[WhiteElo "2475"]
[BlackElo "2445"]
[Annotator "Rogers,I"]
[PlyCount "47"]
[EventDate "1991.04.??"]
[EventType "tourn"]
[EventRounds "9"]
[EventCountry "AUS"]
[EventCategory "10"]
[SourceTitle "CBM 023"]
[Source "ChessBase"]
[SourceDate "1991.08.01"]
[SourceVersion "1"]
[SourceVersionDate "1991.08.01"]
[SourceQuality "1"]

1. d4 d5 2. c4 e6 3. Nf3 c6 4. Nc3 Nf6 5. e3 Nbd7 6. Qc2 Bd6 7. Be2 O-O 8. O-O
dxc4 9. Bxc4 e5 10. h3 Qe7 {Since Black opens the e file two moves later, the
Black queen is not well placed here.} 11. a3 Bc7 12. Ba2 exd4 13. exd4 Nb6 14.
Re1 Qd6 15. Bg5 Nbd5 {Despite Black's blockade of the d5 square White stands
well here, with attacking chances based on using the e5 outpost for his knight.
} 16. Rad1 g6 $2 {Too weakening.} (16... Be6 {was necessary.}) 17. Qc1 $1 Bf5
18. Nxd5 $1 Nxd5 19. Bxd5 Qxd5 20. Be7 $1 Bd6 {Unfortunately any move of the
rook allows 21.Qh6 and 22.Ng5.} 21. Bf6 $5 Rfe8 $2 {Black is prepared to
answer 22.Qh6 with 22...Bf8 but misses Van der Sterren's brilliant plan.} ({
After} 21... Rfd8 $1 {White would have had to take the rook and win on
material.}) 22. Re5 $3 Qb3 ({If} 22... Bxe5 23. dxe5 {/\24.Qh6 wins.}) 23. Rxf5
$1 Re6 24. d5 $1 (24. d5 $1 cxd5 25. Nd4 {is too horrible to contemplate.}) 1-0

[Event "Hamburg-ch int"]
[Site "Hamburg"]
[Date "1998.05.31"]
[Round "3"]
[White "Lamprecht, Frank"]
[Black "Rogozenco, Dorian"]
[Result "1/2-1/2"]
[WhiteElo "2395"]
[BlackElo "2495"]
[Annotator "Rogozenco,D"]
[PlyCount "105"]
[EventDate "1998.05.29"]
[EventType "swiss"]
[EventRounds "9"]
[EventCountry "GER"]
[SourceTitle "CBM 064 Extra"]
[Source "ChessBase"]
[SourceDate "1998.07.07"]
[SourceVersion "1"]
[SourceVersionDate "1998.07.07"]
[SourceQuality "1"]

1. d4 d5 2. c4 c6 3. Nc3 Nf6 4. Nf3 e6 5. e3 Nbd7 6. Qc2 Bd6 7. Be2 O-O 8. O-O
Qe7 9. Rd1 dxc4 10. Bxc4 e5 11. Ne4 Nxe4 12. Qxe4 Nf6 13. Qh4 e4 14. Nd2 h6 15.
Nf1 Bg4 16. Re1 Rad8 $2 (16... Kh7 $1 17. f4 exf3 18. gxf3 Bxf3 19. e4 Bb4 (
19... Nxe4 20. Qxe7 Bxe7 21. Re3 Ng5 22. Nd2) 20. Bd2 Nxe4 21. Qxe7 Bxe7 22.
Re3 Bg5 23. Rxf3 Nxd2 24. Nxd2 Bxd2 $17) 17. Be2 Bc8 18. Bd2 Rfe8 19. Ng3 Qf8
20. Nh5 Nd5 21. f3 Bb4 22. Bxb4 Nxb4 23. Rac1 exf3 {(+)} 24. Bc4 fxg2 $2 (24...
b5) 25. Re2 Qe7 26. Qxe7 Rxe7 27. Rxg2 g5 28. a3 Nd5 29. Bxd5 cxd5 30. h4 Kh7
31. hxg5 hxg5 32. Kf2 Kh6 33. Nf4 f6 34. Rh2+ Kg7 35. Nxd5 Rxd5 36. Rxc8 Kg6
37. Rg8+ Rg7 38. Rxg7+ Kxg7 39. Kf3 f5 40. Rc2 Rd7 41. Rc5 Kf6 42. e4 fxe4+ 43.
Kxe4 Rg7 44. Kf3 g4+ 45. Kg3 Ke6 46. a4 Kd6 47. a5 a6 48. b4 Re7 49. b5 Re4 50.
bxa6 bxa6 51. Rg5 Rxd4 52. Rg6+ Kc5 53. Rxa6 1/2-1/2

[Event "Khanty-Mansiysk FIDE GP"]
[Site "Khanty-Mansiysk"]
[Date "2015.05.25"]
[Round "10"]
[White "Jakovenko, Dmitrij"]
[Black "Karjakin, Sergey"]
[Result "1-0"]
[WhiteElo "2738"]
[BlackElo "2753"]
[Annotator "Roiz,M"]
[PlyCount "129"]
[EventDate "2015.05.14"]
[EventType "tourn"]
[EventRounds "11"]
[EventCountry "RUS"]
[EventCategory "21"]
[SourceTitle "CBM 167"]
[Source "ChessBase"]
[SourceDate "2015.07.13"]
[SourceVersion "1"]
[SourceVersionDate "2015.07.13"]
[SourceQuality "1"]

1. d4 {[%emt 0:00:02]} Nf6 {[%emt 0:00:06]} 2. c4 {[%emt 0:00:12]} e6 {[%emt 0:
00:07]} 3. Nf3 {[%emt 0:00:03]} d5 {[%emt 0:00:07]} ({The solid} 3... b6 {
is Karjakin's main weapon here, but the Meran wasn't a surprise for Dmitry
either.}) 4. Nc3 {[%emt 0:00:04]} c6 {[%emt 0:00:04]} 5. e3 {[%emt 0:00:04]}
Nbd7 {[%emt 0:00:07]} 6. Qc2 {[%emt 0:00:04]} Bd6 {[%emt 0:00:08]} 7. Bd3 {
[%emt 0:00:04]} O-O {[%emt 0:01:39]} 8. O-O {[%emt 0:01:38]} dxc4 {[%emt 0:00:
14]} ({Perhaps, the most solid here is} 8... e5 {, but it doesn't leave Black
any real winning chances.}) 9. Bxc4 {[%emt 0:00:04]} a6 {[%emt 0:00:04]} 10.
Rd1 {[%emt 0:00:12]} b5 {[%emt 0:03:22]} 11. Bd3 {[%emt 0:00:15] At the moment,
this seems the only way to set Black any problems after 9...a6.} Qc7 {[%emt 0:
01:14]} ({Leaving the queen on the d-file} 11... Bb7 {allows} 12. Ng5 $1 Bxh2+
13. Kxh2 Ng4+ 14. Kg1 Qxg5 15. f3 Ngf6 16. e4 $14 {with more than sufficient
compensation for a pawn.}) 12. Bd2 {[%emt 0:00:07]} c5 {[%emt 0:01:31] This
thematic advance shouldn't be delayed.} ({The natural-looking} 12... Bb7 {
leads to a very passive position:} 13. b4 $1 e5 14. Ne4 Nxe4 15. Bxe4 $14 {
1-0 Barsov,A (2507)-Jumabayev,R (2571)/Guangzhou 2010}) 13. Ne4 {[%emt 0:00:24]
} c4 {[%emt 0:00:32]} ({Releasing the tension offers White a small, but stable
advantage:} 13... cxd4 14. Nxd6 Qxd6 15. Be4 Nxe4 16. Qxe4 Bb7 17. Qxb7 Nc5 18.
Bb4 Nxb7 19. Bxd6 Nxd6 20. Rxd4 $14 {1-0 Sargissian,G (2683)-Nezad,H (2402)/
Caleta 2012/CBM 147 (45)}) 14. Nxd6 {[%emt 0:00:07]} Qxd6 {[%emt 0:00:04]} 15.
Be2 {[%emt 0:00:03]} Bb7 {[%emt 0:00:47] In the resulting position White has
to prove, that the bishop pair is an important factor.} 16. b3 {[%emt 0:00:05]
It definitely makes sense to swap one pair of q-side pawns and get more space
for the pieces.} Rfc8 {[%emt 0:10:27]} ({This position has been tested many
times in practice, and it looks like Black has no clear win to solve all the
problems:} 16... Bd5 17. Qb2 Rfc8 18. Rac1 Ne4 19. Be1 f6 20. Ba5 Rab8 21. Ne1
f5 22. f3 Nef6 23. Nc2 $14 {1-0 Bukavshin,I (2629)-Artemiev,V (2660)/
Khanty-Mansiysk RUS 2014 (79)}) (16... Rac8 17. Qb2 Ng4 18. h3 Bxf3 19. Bxf3
Qh2+ 20. Kf1 Ngf6 21. Bb4 Rfe8 22. Qa3 $14 {1-0 Predke,A (2464)-Frolyanov,D 
(2564)/Samara RUS 2012 (39)}) (16... Be4 17. Qb2 Rfc8 18. Ne1 Nd5 19. Rac1 cxb3
20. axb3 Bg6 21. Nd3 $14 {1-0 Farago,I (2497)-Hertneck,G (2531)/Austria 2012/
CBM 146 Extra (66)}) 17. Qb2 {[%emt 0:01:02]} Rab8 {[%emt 0:03:44]} 18. Rac1 {
[%emt 0:03:00]} h6 $6 $146 {[%emt 0:12:20] Sergey comes up with an
unsuccessful novelty - Black cannot afford such a waste of tempi for
prophylaxis.} ({The more active approach} 18... Ne4 $5 {looks more attractive
for Black} 19. Be1 Nb6 20. Ba5 cxb3 21. axb3 b4 22. Rxc8+ Rxc8 23. Rc1 Rxc1+ (
23... Nc3 24. Bf1 Bxf3 25. gxf3 Nbd5 $132) 24. Qxc1 Nc3 25. Bf1 $14 {1-0
Wojtaszek,R (2711)-Smeets,J (2669)/Germany 2011/EXT 2012 (32)}) 19. Ne5 $1 {
[%emt 0:22:31] Dmitry finds the best way to exploit Black's inaccuracy. The
positional threat of 20.f3, followed by 21.e4 makes Black's position
unpleasant.} cxb3 {[%emt 0:11:39] Black hardly can keep the tension any longer.
} 20. axb3 $1 {[%emt 0:17:01]} (20. Nxd7 {would be quite toothless:} Nxd7 21.
axb3 Rxc1 22. Rxc1 e5 23. Ba5 exd4 24. Bc7 Qg6 25. f3 Re8 26. Qxd4 Qe6 27. Rc3
Nf6 28. e4 Nd5 $1 {Black is close to equality.}) 20... Rxc1 {[%emt 0:05:14]} (
20... Qb6 21. Nd3 a5 22. f3 a4 23. e4 axb3 24. Be3 $16) 21. Rxc1 {[%emt 0:01:
00]} Nxe5 {[%emt 0:11:40]} 22. dxe5 {[%emt 0:00:05] The pawn structure is
acceptabable for Black, but there are concrete problems with uncoordinated
pieces.} Qd5 {[%emt 0:00:02]} 23. f3 $1 {[%emt 0:17:58] Jakovenko is on the
top again. The restricting strategy is definitely the best approach.} (23. Bf3
Ne4 24. Be1 Rc8 $14) 23... Ng4 $2 {[%emt 0:02:12] Inviting more troubles.
Perhaps, this decision was connected with a miscalculation.} (23... Nd7 24. e4
(24. Bb4 Rc8 25. Rxc8+ Bxc8 26. Qc3 Bb7 27. Bd6 Qc6 28. Qxc6 Bxc6 29. e4 a5 30.
Kf2 a4 $14 {is also somewhat better for White, but Black's defensive task is
easier here.}) 24... Qxe5 25. Qxe5 Nxe5 26. Bf4 f6 27. Rc7 Bc8 28. Kf2 $14 {
led to an unpleasant endgame, where Black is doomed to a passive defence.
However, it was the lesser evil.}) 24. Bb4 $1 {[%emt 0:04:25]} (24. e4 Qxe5 25.
Qxe5 Nxe5 26. Bf4 {would transpose to the above-mentioned line, but Jakovenko
correctly goes for more.}) 24... Rd8 {[%emt 0:09:05]} (24... Nxe3 {wouldn't
change matters:} 25. Bd6 Rd8 (25... Rc8 $2 {fails to} 26. Rxc8+ Bxc8 27. Qc3
$18 {with a double attack.}) 26. Rc5 {leads to the same.}) 25. Bd6 {[%emt 0:01:
40]} Nxe3 {[%emt 0:01:55]} 26. Rc5 {[%emt 0:04:45] The queen is trapped now.}
Rxd6 {[%emt 0:00:10]} 27. Rxd5 {[%emt 0:00:03]} Rxd5 {[%emt 0:00:07]} 28. Qc3 {
[%emt 0:17:41]} Nf5 {[%emt 0:00:03] Luckily for Sergey, Black is able to avoid
further material losses.} 29. Kf2 {[%emt 0:09:12]} ({After} 29. Qc7 {the
bishop is gone, but Black is still in the game after} Rd2 30. Qb8+ Kh7 31. Qxb7
Rxe2 32. Qxf7 Rxe5 33. Qd7 Re3 $16) 29... Rd7 {[%emt 0:00:39] Black's position
is very difficult, but there are some hopes for building a fortress.} 30. g4 {
[%emt 0:01:12]} ({Another promising way of handling this position was} 30. Bd3
$5 Ne7 31. h4 $16 {seizing more space on the kingside, so the potential threat
of Bb1, followed by Qc2 becomes annoying.}) 30... Ne7 {[%emt 0:01:43]} 31. f4 {
[%emt 0:01:38]} g6 {[%emt 0:04:52] This decision looks scary, since the king
is getting more exposed. However, there is nothing better.} ({For instance,} 
31... Nd5 {doesn't give real drawing chances:} 32. Qd4 Rc7 ({Or} 32... Nf6 33.
Qa7 $1 Nd5 34. Qb8+ Kh7 35. Bd3+ g6 36. f5 {with a decisive attack.}) 33. Bd3
Kf8 34. f5 $18) 32. h4 {[%emt 0:00:20] Step by step White puts more pressure
on the opponent's king.} Kg7 {[%emt 0:01:03]} ({After} 32... Be4 33. Qe3 Bc2
34. h5 {Black's position looks too shaky as well.}) 33. Bd3 {[%emt 0:01:32] GM
Jakovenko is not in a rush.} ({There was nothing wrong with} 33. h5 Nd5 34. Qd4
gxh5 35. f5 $1 $18) 33... Nc6 {[%emt 0:02:58]} (33... Nd5 34. Qd4 f5 (34... Kg8
35. f5 $18) 35. exf6+ Nxf6 36. Qc3 $18) 34. Be4 {[%emt 0:02:03]} Ne7 {[%emt 0:
00:02]} 35. Bd3 {[%emt 0:00:34]} ({Of course,} 35. Bxb7 $6 Rxb7 {would help
Black, though} 36. h5 {is also annoying here.}) 35... Nc6 {[%emt 0:00:02]} 36.
f5 $1 {[%emt 0:02:11] A decisive advance.} b4 {[%emt 0:04:10]} 37. f6+ {
[%emt 0:00:09]} Kg8 {[%emt 0:00:04]} 38. Qc1 {[%emt 0:02:06] Obviously, the
bishop is untouchable.} Nxe5 {[%emt 0:00:04]} 39. Be2 $18 {[%emt 0:00:03] The
attack is unstoppable now.} Nd3+ {[%emt 0:02:47]} (39... Kh7 40. Qc5 Nd3+ 41.
Bxd3 Rxd3 42. Qe7 $18) 40. Bxd3 {[%emt 0:00:00]} Rxd3 {[%emt 0:00:00]} 41. Ke2
{[%emt 0:11:14]} ({Only not} 41. Qxh6 $2 Rf3+ 42. Ke1 Rxf6 $16) 41... Rf3 {
[%emt 0:00:10]} 42. g5 {[%emt 0:16:16]} (42. Qc7 {was also possible:} Rxf6 43.
Qxb7 e5 (43... g5 44. hxg5 hxg5 45. Qe7 Kg7 46. Qxb4 Rf4 47. Qd6 Rxg4 48. Qxa6
$18) 44. Qb8+ Kh7 45. Qxb4 $18) 42... Rc3 {[%emt 0:00:47]} ({Or} 42... hxg5 43.
hxg5 Rc3 44. Qf4 $18 {and the king is helpless.}) 43. Qf4 {[%emt 0:00:31]} Rc8
{[%emt 0:07:44]} 44. Qd6 {[%emt 0:04:25] White is dominating over the board
now.} ({Jakovenko had a pleasant choice here:} 44. h5 Kh7 45. hxg6+ Kxg6 46.
gxh6 $18) (44. gxh6 Kh7 45. Qxb4 Bd5 46. Qd6 Kxh6 47. Qd7 Rf8 48. Qe7 $18)
44... Be4 {[%emt 0:12:24]} ({Unfortunately for Karjakin, there is no time to
fix the pawn structure:} 44... h5 45. Qd7 Rb8 46. Qc7) 45. gxh6 $1 {[%emt 0:01:
35]} g5 {[%emt 0:01:10]} (45... Bf5 46. Qd7 Rf8 47. Qe7 $18) 46. Qxb4 {[%emt 0:
01:10]} Bf5 {[%emt 0:01:27]} 47. hxg5 {[%emt 0:00:13]} Kh7 {[%emt 0:00:51]
Black has managed to parry the direct threats, but the material advantage is
too big now.} 48. Qb7 {[%emt 0:06:46]} Rc2+ {[%emt 0:00:03]} 49. Kd1 {[%emt 0:
02:11]} Bg6 {[%emt 0:01:32]} 50. b4 {[%emt 0:04:17]} Rc4 {[%emt 0:01:03]} 51.
Qe7 {[%emt 0:04:22]} Bh5+ {[%emt 0:02:47]} 52. Ke1 {[%emt 0:01:23]} Re4+ {
[%emt 0:05:44]} 53. Kf2 {[%emt 0:01:25]} Rg4 {[%emt 0:00:47]} 54. Qc5 {[%emt 0:
00:08]} Rf4+ {[%emt 0:00:38]} 55. Kg3 {[%emt 0:01:57]} Rf5 {[%emt 0:00:08]} (
55... Rg4+ 56. Kh3 Kg6 57. Qc2+ Kxg5 58. h7 $18) 56. Qe3 {[%emt 0:02:52]} Bg6 {
[%emt 0:05:58]} 57. Kh4 {[%emt 0:00:20] Protecting the pawn, so the queen can
move. The rest is quite easy.} Rd5 {[%emt 0:02:07]} (57... Rb5 {was slightly
more tenacious:} 58. Qf4 Rb6 59. b5 $1 axb5 (59... Rxb5 60. Qd6 $18) 60. Qc7
Ra6 61. Qc8 Ra4+ 62. Kg3 $18 {[%cal Gc8f8]}) 58. Qb6 {[%emt 0:00:37]} Bf5 {
[%emt 0:01:00]} 59. Kg3 {[%emt 0:00:48]} Kg6 {[%emt 0:01:22]} 60. Qa7 {[%emt 0:
00:00]} Rd3+ {[%emt 0:00:00]} 61. Kf4 {[%emt 0:05:37]} Rh3 {[%emt 0:01:59]} (
61... Rd5 62. Qa8 Rd4+ 63. Ke3 Rd3+ 64. Ke2 Kxg5 65. Qg8+ Kxf6 66. h7 Bxh7 67.
Qxh7 $18) 62. Ke5 {[%emt 0:01:48]} Rh4 {[%emt 0:02:15]} 63. Qe7 {[%emt 0:01:29]
} (63. Qxa6 {was also good enough.}) 63... Rh5 {[%emt 0:06:41]} 64. Qf8 {
[%emt 0:01:02]} Rxg5 {[%emt 0:00:03]} 65. Kd6 {Excellent positional play by
Dmitry Jakovenko.} ({Black resigns in view of:} 65. Kd6 Kxf6 66. Qd8+ Kg6 67.
h7 Kxh7 68. Qxg5 $18) 1-0